• 首页
  • 本馆介绍
  • 公告通知
  • 最新文献
  • 馆藏检索
  • 电子资源
  • 读者导购
  • 参考咨询
  • 我的图书馆
  • 登录
  • 详细信息显示
  • 放入我的书架
  • 预约/预借图书
  • 作者相关作品
  • 分类相关作品
  • 丛书相关作品
  • 出版社相关作品

书目信息

  • 表格格式
  • 工作单格式
  • 卡片格式
题名:
摄影艺术导论
    
 
作者: 范文霈 著
分册:  
出版信息: 北京   社会科学文献出版社  2004
页数: 304页
开本: 21cm
丛书名:
单 册:
中图分类: J40
科图分类:
主题词: 摄影艺术--艺术理论
电子资源:
ISBN: 7-80190-269-6
000 00788nam0 2200241 450
001 TS2006011169
005 20061206170638.92
010    @a7-80190-269-6@dCNY29.80
100    @a20060829d2004 em y0chiy0110 ea
101 0  @achi
102    @aCN@b110000
105    @aa a 000yy
200 1  @a摄影艺术导论@Ashe ying yi shu dao lun@f范文霈著@FFan Wen Pei Zhu
210    @a北京@c社会科学文献出版社@d2004
215    @a304页@c图@d21cm@e光盘1片
307    @a附光盘 ISBN7-900166-06-8
320    @a有书目
330    @a本书从摄影的基本知识和照相机的使用开始,系统地介绍摄影的基本技能和艺术造型手段,并论述摄影审美的有关理论。
606 0  @a摄影艺术@x艺术理论
690    @aJ40@v4
701  0 @a范文霈@Afan wen pei@f(1960.7~)@4著
801  0 @aCN@b中图数据@c20061206
905    @a10447@dJ40@e187
    
    摄影艺术导论/范文霈著.-北京:社会科学文献出版社,2004
    304页:图;21cm+光盘1片
    
    
    ISBN 7-80190-269-6:CNY29.80
    本书从摄影的基本知识和照相机的使用开始,系统地介绍摄影的基本技能和艺术造型手段,并论述摄影审美的有关理论。
●
相关链接 在E读中查询图书 在五车中查询图书 在当当中查询图书 在豆瓣中查询图书


正题名:摄影艺术导论     索取号:J40/187         预约/预借

序号 登录号 条形码 馆藏地/架位号 状态 备注
1 0605670   206056701   第一样本阅览室/ [索取号:J40/187] 在馆    
2 0605671   206056710   第一借阅区/ [索取号:J40/187] 在馆    
3 0605672   206056729   第一借阅区/ [索取号:J40/187] 在馆    
4 0605673   206056738   第一借阅区/ [索取号:J40/187] 在馆    
5 0605674   206056747   第一借阅区/ [索取号:J40/187] 在馆    
唐山师范学院图书馆 欢迎您!
大连网信软件有限公司© 版权所有